000 00732nam a2200265Ia 4500
003 OSt
005 20221006140533.0
006 a|||||r|||| 00| 0
007 ta
008 221006b |||||||| |||| 00| 0 jpn d
020 _a9784062521048
_c¥2524
024 _a13
037 _bGift, Japan Foundation
_cTextual
040 _aEASL
_cEASL
_bjpn
041 _2jpn
_ajpn
082 _aO42,D, N7.4
100 _aSETOUCHI Jakucho Tr.
_9642662
245 0 _aGenji Monogatari Vol.4
260 _aTokyo
_bKodansha Japan
_c1997
300 _a288p.
_ccm.
490 _v V.4JL
650 _aJL
_9642663
942 _hO42,D, N7.4
_cTEXL
_2CC
999 _c1068102
_d1068102